De la répression pénale, de ses formes et de ses effets (Record no. 151911)

MARC details
000 -LEADER
campo de control de longitud fija 00785nam a2200181 i 4500
001 - NÚMERO DE CONTROL
campo de control 151911
003 - IDENTIFICADOR DE NÚMERO DE CONTROL
campo de control ES-MaACL
005 - FECHA Y HORA DE LA ÚLTIMA TRANSACCIÓN
campo de control 20250917063053.0
008 - DATOS DE LONGITUD FIJA--INFORMACIÓN GENERAL
campo de control de longitud fija 030212s1885 fr |||| | fre d
100 1# - ENTRADA PRINCIPAL--NOMBRE DE PERSONA
Nombre de persona Bérenger, Alphonse Marie Marcellin Thomas,
Fechas asociadas al nombre 1785-1866
9 (RLIN) 146825
245 10 - MENCIÓN DEL TÍTULO
Título De la répression pénale, de ses formes et de ses effets
Resto del título : rapports faits a l'Académie des Sciences Morales et Politiques /
Mención de responsabilidad, etc. par Bérenger.
260 ## - PUBLICACIÓN, DISTRIBUCIÓN, ETC.
Lugar de publicación, distribución, etc. Paris :
Nombre del editor, distribuidor, etc. Imp. et lib. générale de jurisprudence Cosse,
Fecha de publicación, distribución, etc. 1885.
300 ## - DESCRIPCIÓN FÍSICA
Extensión 2 v. (447, 385 p.) ;
Dimensiones 20 cm.
650 #4 - PUNTO DE ACCESO ADICIONAL DE MATERIA--TÉRMINO DE MATERIA
Término de materia o nombre geográfico como elemento de entrada Derecho penal-
Subdivisión geográfica Francia.
9 (RLIN) 155135
710 2# - ENTRADA AGREGADA--NOMBRE DE ENTIDAD CORPORATIVA
Nombre de entidad corporativa o nombre de jurisdicción como elemento de entrada Académie des sciences morales et politiques (Francia)
9 (RLIN) 1232
852 ## - LOCALIZACIÓN
Ubicación ES-MaACL
Número de control de estantería D-219-20
Nota libre - Enc. hol.
-- . - Donativo Lastres
Holdings
Estatus retirado Estado de pérdida Estado de daño No para préstamo Colección Biblioteca de origen Biblioteca actual Ubicación en estantería Fecha de adquisición Fuente de adquisición Total de préstamos Signatura topográfica completa Código de barras Visto por última vez Precio de reemplazo Tipo de ítem Koha
        Libros del s. XIX Biblioteca del Ateneo de Madrid Biblioteca del Ateneo de Madrid Sala Valle Inclán 31/05/2011     D-219-20 901187463 23/02/2023 23/02/2023 Libro impreso antiguo